U.S. National Parks Sudden Death - The Whopper - Statistics

General Stats
  • This quiz has been taken 113 times
  • The average score is 25 of 63
Answers on the Grid
Answers color-coded by a green-red scale on the quiz's grid according to % correct below.
Acadia
Adirondack
American Samoa
Antelope Canyon
Arches
Atchafalaya
Badlands
Banff
Bear Lake
Bering Land Bridge
Big Bend
Biscayne
Black Canyon of the Gunnison
Black Hills
Blackstone
Bryce Canyon
Canyonlands
Capitol Reef
Carlsbad Caverns
Channel Islands
Chimney Rock
Congaree
Crater Lake
Craters of the Moon
Cuyahoga Valley
Death Valley
Denali
Devils Tower
Dinosaur
Dry Tortugas
Everglades
Florida Keys
Gates of the Arctic
Gateway Arch
George Washington
Glacier
Glacier Bay
Grand Canyon
Grand Teton
Great Basin
Great Salt Lake
Great Sand Dunes
Great Smoky Mountains
Green Mountains
Guadalupe Mountains
Haines–Skagway
Haleakalā
Hawaii Volcanoes
Hells Canyon
Hot Springs
Humboldt
Indiana Dunes
Isle Royale
Jasper
Joshua Tree
Katmai
Kenai Fjords
Kings Canyon
Kobuk Valley
Lake Clark
Lake Michigan
Lake Tahoe
Lassen Volcanic
Mammoth Cave
Mauna Kea
Mesa Verde
Misty Fjords
Mojave
Mount Hood
Mount Rainier
Mount Rushmore
Mount St. Helens
New River Gorge
Niagara Falls
Niobrara
North Cascades
Olympic
Petrified Forest
Pinnacles
Puerto Rico
Redwood
Rocky Mountain
Saguaro
Sequoia
Shenandoah
Sierra Nevada
South Cascades
Theodore Roosevelt
Thomas Jefferson
Tongass
Virgin Islands
Voyageurs
White Sands
Wind Cave
Wrangell–St. Elias
Yellowstone
Yoknapatawpha
Yosemite
Yukon Delta
Zion
 
Answer Stats
Answer % Correct
Acadia
72%
Arches
58%
Canyonlands
55%
Everglades
55%
Grand Canyon
53%
Badlands
52%
Death Valley
50%
Yellowstone
50%
Zion
50%
Denali
47%
Gateway Arch
47%
Black Canyon of the Gunnison
47%
Big Bend
45%
Carlsbad Caverns
45%
Bryce Canyon
43%
Dry Tortugas
43%
Glacier
43%
Yosemite
43%
Capitol Reef
42%
Crater Lake
42%
Grand Teton
42%
Sequoia
42%
Congaree
40%
Cuyahoga Valley
40%
Great Smoky Mountains
40%
Joshua Tree
40%
Redwood
40%
American Samoa
38%
Biscayne
38%
Channel Islands
38%
Gates of the Arctic
38%
Great Sand Dunes
38%
Hot Springs
38%
Mammoth Cave
38%
Mesa Verde
38%
Mount Rainier
38%
Olympic
38%
Indiana Dunes
37%
Isle Royale
37%
Kenai Fjords
37%
Rocky Mountain
37%
Shenandoah
37%
Theodore Roosevelt
37%
Voyageurs
37%
Glacier Bay
35%
Guadalupe Mountains
35%
Hawaii Volcanoes
35%
Lassen Volcanic
35%
Saguaro
35%
White Sands
35%
Wrangell–St. Elias
35%
Katmai
33%
Kings Canyon
33%
Kobuk Valley
33%
New River Gorge
33%
North Cascades
33%
Wind Cave
33%
Great Basin
32%
Haleakalā
32%
Pinnacles
32%
Petrified Forest
30%
Virgin Islands
30%
Lake Clark
28%
No matching quizzes found
Score Distribution
Percent of People with Each Score
Percentile by Number Answered
Your Score History
You have not taken this quiz